Rozsypanka literowa - rzeki w Polsce - Statystyki

Ogólne statystyki
  • Ten quiz został rozwiązany 2 190 razy
  • Średni wynik to 13 z 20
Statystyki odpowiedzi
Rzeka % Poprawnych
Bug
95%
San
95%
Wisła
93%
Bóbr
92%
Odra
90%
Warta
90%
Noteć
84%
Narew
76%
Wieprz
69%
Dunajec
65%
Pilica
65%
Rega
65%
Wisłok
64%
Drwęca
54%
Biebrza
53%
Nysa Łużycka
50%
Parsęta
35%
Prosna
35%
Nysa Kłodzka
34%
Wierzyca
17%
Nie znaleziono quizów pasujących do podanych kryteriów
Rozkład punktacji
Procent ludzi z każdym wynikiem
Percentyl według liczby udzielonych odpowiedzi
Twoja historia wyników
Nie rozwiązałeś tego quizu